| 000 | 01412nac a22003011u 4500 | ||
|---|---|---|---|
| 010 | _a 2004116102 | ||
| 020 | _a1412908663 (3 v. set : cased) | ||
| 035 | _a(OCoLC)ocm57751108 | ||
| 082 | 0 | 4 |
_a658.812 _bREL |
| 090 |
_c8951 _d8951 |
||
| 100 | _a20080729 | ||
| 245 | 0 | 0 |
_aRelationship marketing / _cedited by John Egan and Michael J. Harker. |
| 260 |
_aLondon ; _aThousand Oaks : _bSAGE,2005. _c2005. |
||
| 300 |
_a3 v. : _bill. ; _c25 cm. |
||
| 490 | 1 | _aSage library in business & management | |
| 500 | _aDistributer: Baccah. | ||
| 504 | _aIncludes bibliographical references and index. | ||
| 505 | 0 | _av. 1. Shaking the foundations : the origins of relationship marketing -- v. 2. A broad church : conceptual and theoretical development in relationship marketing -- v. 3. Paradigm and perspective: the future of relationship marketing. | |
| 511 | _aCatalogued By: Mahitab. | ||
| 650 | 0 | _aRelationship marketing. | |
| 700 | 1 |
_aEgan, John, _d1952- |
|
| 700 | 1 | _aHarker, Michael. | |
| 830 | 0 | _aSage library in business and management. | |
| 856 | 4 | 1 |
_3Table of contents _uhttp://www.loc.gov/catdir/toc/fy0606/2004116102.html |
| 856 | 4 | 1 |
_3Publisher description _uhttp://www.loc.gov/catdir/enhancements/fy0659/2004116102-d.html |
| 942 |
_cBB _k658.812REL |
||
| 999 |
_c8951 _d8951 |
||